[Event "Budapest FS06 IM-A"]
[Site "Budapest"]
[Date "2010.06.09"]
[Round "5"]
[White "Brustkern, Juergen"]
[Black "Tavoularis, Nicholas"]
[Result "0-1"]
[WhiteElo "2256"]
[BlackElo "2130"]
[PlyCount "90"]
[EventDate "2010.06.05"]
[EventType "tourn"]
[EventRounds "11"]
[EventCountry "HUN"]
[EventCategory "1"]
[SourceTitle "CBM 136 Extra"]
[Source "ChessBase"]
[SourceDate "2010.07.02"]
[SourceVersion "2"]
[SourceVersionDate "2010.07.15"]
[SourceQuality "1"]

1. d4 f5 2. c4 Nf6 3. Nc3 g6 4. h4 d6 5. Bg5 Bg7 6. Qc2 c6 7. 0-0-0 Qa5 8. e3 Bd7 9. Nf3 Na6 10. Be2 Nb4 11. Qb3 0-0-0 12. a3 Na6 13. h5 gxh5 14. Bxf6 Bxf6 15. Rxh5 Be8 16. Rhh1 Bg6 17. Nh4 e5 18. f4 exd4 19. exd4 Rde8 20. Bf3 Nc7 21. Nxg6 hxg6 22. Rxh8 Rxh8 23. d5 c5 24. Re1 a6 25. Qc2 b5 26. Be2 Re8 27. Kd1 b4 28. Nb1 bxa3 29. Nxa3 Qb4 30. Rh1 Bxb2 31. Nb1 Rh8 32. Rxh8+ Bxh8 33. g4 fxg4 34. Bxg4+ Kb7 35. Be2 a5 36. Qxg6 a4 37. Qc2 Bb2 38. f5 a3 39. Nxa3 Qxa3 40. Bd3 Qc3 41. Ke2 Qxc2+ 42. Bxc2 Ne8 43. Kf3 Nf6 44. Ba4 Kb6 45. Bb5 Nxd5 0-1

[Event "Coulsdon Xmas-B"]
[Site "Coulsdon"]
[Date "2008.12.18"]
[Round "8"]
[White "Tavoularis, Nicholas"]
[Black "Rudd, Jack"]
[Result "0-1"]
[WhiteElo "2140"]
[BlackElo "2344"]
[PlyCount "56"]
[EventDate "2008.12.15"]
[EventType "tourn"]
[EventRounds "9"]
[EventCountry "ENG"]
[SourceTitle "EXT 2011"]
[Source "ChessBase"]
[SourceDate "2010.11.26"]
[SourceVersion "1"]
[SourceVersionDate "2010.11.26"]
[SourceQuality "1"]

1. Nf3 Nc6 2. e4 e5 3. Nc3 Nf6 4. Bc4 Nxe4 5. Nxe4 d5 6. Bxd5 Qxd5 7. Nc3 Qd8 8. h3 Be6 9. d3 f6 10. Be3 Qd7 11. a3 0-0-0 12. 0-0 g5 13. Nd2 h5 14. Nde4 Be7 15. Nc5 Bxc5 16. Bxc5 f5 17. f3 f4 18. Ne4 g4 19. h4 g3 20. Qe2 b6 21. Bb4 Nd4 22. Qd2 Rdg8 23. Bc3 Bg4 24. Rae1 Qd8 25. Ng5 Rxg5 26. fxg4 hxg4 27. Rxf4 exf4 28. Qxf4 Rd5 0-1

[Event "Coulsdon Jessie Gilbert"]
[Site "Coulsdon"]
[Date "2008.08.25"]
[Round "10"]
[White "Tavoularis, Nicholas"]
[Black "Josse, Mark"]
[Result "1-0"]
[WhiteElo "2160"]
[BlackElo "2006"]
[PlyCount "67"]
[EventDate "2008.08.16"]
[EventType "swiss"]
[EventRounds "10"]
[EventCountry "ENG"]
[SourceTitle "EXT 2009"]
[Source "ChessBase"]
[SourceDate "2008.11.26"]
[SourceVersion "1"]
[SourceVersionDate "2008.11.26"]
[SourceQuality "1"]

1. e4 c5 2. Nf3 d6 3. c3 Nf6 4. h3 g6 5. Bd3 Bg7 6. 0-0 0-0 7. Bc2 e5 8. d4 Qc7 9. Na3 Re8 10. Re1 a6 11. dxe5 dxe5 12. Nc4 b5 13. Qd6 Ra7 14. Qxc7 Rxc7 15. Ncxe5 Rce7 16. Bf4 Bb7 17. Rad1 Nh5 18. Bh2 f6 19. Ng4 Nd7 20. Ne3 Bh6 21. Ng4 Bg7 22. Bd6 Re6 23. Bc7 Nf8 24. Rd8 Rxd8 25. Bxd8 Kf7 26. Bc7 Rc6 27. Bh2 Ne6 28. Rd1 Ke7 29. Ne3 Bh6 30. Nd5+ Kf7 31. h4 Bc8 32. g4 Nhf4 33. g5 fxg5 34. Ne5+ 1-0

[Event "Coulsdon Jessie Gilbert"]
[Site "Coulsdon"]
[Date "2008.08.22"]
[Round "7"]
[White "Tavoularis, Nicholas"]
[Black "Grey, Nicholas D"]
[Result "1/2-1/2"]
[WhiteElo "2160"]
[BlackElo "1758"]
[PlyCount "73"]
[EventDate "2008.08.16"]
[EventType "swiss"]
[EventRounds "10"]
[EventCountry "ENG"]
[SourceTitle "CBM 125 Extra"]
[Source "ChessBase"]
[SourceDate "2008.09.01"]
[SourceVersion "1"]
[SourceVersionDate "2008.09.01"]
[SourceQuality "1"]

1. e4 c5 2. Nf3 d6 3. Bb5+ Bd7 4. Bxd7+ Qxd7 5. c4 Nc6 6. 0-0 Nf6 7. Nc3 g6 8. b3 Bg7 9. Re1 0-0 10. Bb2 Rfd8 11. Nd5 Nxd5 12. Bxg7 Nf4 13. Bh6 Qg4 14. Bxf4 Qxf4 15. d4 e5 16. d5 Nd4 17. Nxd4 exd4 18. g3 Qf6 19. f4 Re8 20. Qd3 Re7 21. a4 Rae8 22. Ra2 Qg7 23. Rae2 f6 24. b4 b6 25. Kg2 a5 26. h4 h5 27. bxa5 bxa5 28. Qd2 Rb8 29. e5 fxe5 30. fxe5 Rxe5 31. Qxa5 Rxe2+ 32. Rxe2 d3 33. Rf2 Rb2 34. Qd8+ Kh7 35. Rxb2 Qxb2+ 36. Kh3 Qe2 37. Qf6 1/2-1/2

[Event "Coulsdon Jessie Gilbert"]
[Site "Coulsdon"]
[Date "2008.08.19"]
[Round "4"]
[White "Tavoularis, Nicholas"]
[Black "Fowler, Simon"]
[Result "0-1"]
[WhiteElo "2160"]
[BlackElo "2256"]
[PlyCount "60"]
[EventDate "2008.08.16"]
[EventType "swiss"]
[EventRounds "10"]
[EventCountry "ENG"]
[SourceTitle "CBM 125 Extra"]
[Source "ChessBase"]
[SourceDate "2008.09.01"]
[SourceVersion "1"]
[SourceVersionDate "2008.09.01"]
[SourceQuality "1"]

1. e4 e6 2. d4 d5 3. Nc3 Bb4 4. e5 Ne7 5. Bd2 c5 6. Nb5 Bxd2+ 7. Qxd2 0-0 8. c3 Nbc6 9. f4 a6 10. Na3 f6 11. Nf3 cxd4 12. cxd4 Ng6 13. 0-0-0 fxe5 14. fxe5 b5 15. Kb1 b4 16. Nc2 Qb6 17. Ne3 a5 18. h4 Nge7 19. Rh3 a4 20. Rg3 Na5 21. Bd3 Ba6 22. Ng5 h6 23. Bxa6 Rxa6 24. Nf3 Kh8 25. Rc1 Nb3 26. axb3 axb3 27. Nc2 Rfa8 28. Na3 bxa3 29. Ng5 Nf5 30. Nf7+ Kh7 0-1

[Event "Coulsdon Jessie Gilbert"]
[Site "Coulsdon"]
[Date "2008.08.18"]
[Round "3"]
[White "Tymrakiewicz, Rafal"]
[Black "Tavoularis, Nicholas"]
[Result "1-0"]
[WhiteElo "2280"]
[BlackElo "2160"]
[PlyCount "79"]
[EventDate "2008.08.16"]
[EventType "swiss"]
[EventRounds "10"]
[EventCountry "ENG"]
[SourceTitle "CBM 125 Extra"]
[Source "ChessBase"]
[SourceDate "2008.09.01"]
[SourceVersion "1"]
[SourceVersionDate "2008.09.01"]
[SourceQuality "1"]

1. d4 f5 2. Bg5 g6 3. Nf3 Bg7 4. h4 h6 5. Bc1 d6 6. Nc3 Nf6 7. Qd3 c6 8. g3 b5 9. Bg2 b4 10. Nb1 Be6 11. c4 Nbd7 12. h5 Nxh5 13. Nh4 Bf7 14. g4 Nhf6 15. gxf5 g5 16. Ng6 Bxg6 17. fxg6 Rc8 18. f4 g4 19. Be3 e6 20. Nd2 Qa5 21. c5 d5 22. Bf2 0-0 23. Qb3 Rfe8 24. 0-0-0 Qb5 25. Bf1 Qb8 26. Bg3 a5 27. e3 Nf8 28. Bd3 Re7 29. Rh4 Ra7 30. Rdh1 h5 31. R4h2 N8d7 32. Nf1 Re8 33. Bh4 a4 34. Qd1 Ra5 35. Bxf6 Nxf6 36. Ng3 Rf8 37. Nxh5 Nxh5 38. Rxh5 e5 39. Qxg4 Qe8 40. Qh3 1-0

[Event "Coulsdon Jessie Gilbert"]
[Site "Coulsdon"]
[Date "2008.08.16"]
[Round "1"]
[White "Gerzhoy, Leonid"]
[Black "Tavoularis, Nicholas"]
[Result "1/2-1/2"]
[WhiteElo "2399"]
[BlackElo "2160"]
[PlyCount "38"]
[EventDate "2008.08.16"]
[EventType "swiss"]
[EventRounds "10"]
[EventCountry "ENG"]
[SourceTitle "CBM 125 Extra"]
[Source "ChessBase"]
[SourceDate "2008.09.01"]
[SourceVersion "1"]
[SourceVersionDate "2008.09.01"]
[SourceQuality "1"]

1. e4 c5 2. c3 Nf6 3. e5 Nd5 4. g3 Nc6 5. Bg2 e6 6. Qe2 Be7 7. Nf3 d6 8. exd6 Bf6 9. 0-0 0-0 10. Na3 Qxd6 11. Rd1 b6 12. Nb5 Ba6 13. a4 Qe7 14. d3 Rad8 15. Nd2 Na5 16. Ne4 Nb3 17. Ra3 Nxc1 18. Rxc1 Rd7 19. Nxf6+ Qxf6 1/2-1/2

[Event "BCF-chT 0708 (4NCL)"]
[Site "Sunningdale"]
[Date "2008.05.04"]
[Round "10.6"]
[White "Tavoularis, Nicholas"]
[Black "Tan, Desmond"]
[Result "1-0"]
[WhiteElo "2184"]
[BlackElo "2329"]
[PlyCount "83"]
[EventDate "2007.09.15"]
[EventType "team-tourn"]
[EventRounds "11"]
[EventCountry "ENG"]
[SourceTitle "EXT 2008"]
[Source "ChessBase"]
[SourceDate "2007.11.25"]
[SourceVersion "1"]
[SourceVersionDate "2007.11.25"]
[SourceQuality "1"]
[WhiteTeam "Hilsmark Kingfisher"]
[BlackTeam "Wood Green London"]
[WhiteTeamCountry "ENG"]
[BlackTeamCountry "ENG"]

1. e4 c5 2. Nc3 g6 3. f4 Bg7 4. Nf3 Nc6 5. Bb5 Nd4 6. 0-0 Nxb5 7. Nxb5 d5 8. exd5 a6 9. Nc3 Nf6 10. d4 c4 11. Qe2 b5 12. Re1 Bb7 13. f5 b4 14. Na4 0-0 15. fxg6 hxg6 16. Qxe7 Bxd5 17. Qxd8 Raxd8 18. Ne5 Nd7 19. Bg5 f6 20. Nxd7 Rxd7 21. Bf4 Bf7 22. c3 bxc3 23. bxc3 g5 24. Nc5 Rd5 25. Bg3 Ra8 26. Rab1 f5 27. Ne6 Bxe6 28. Rxe6 f4 29. Bf2 Rb5 30. Rb6 Ra5 31. R1b2 Kf7 32. Rc6 Ra4 33. Rb7+ Kf8 34. Rcc7 Bh8 35. g3 Rxa2 36. gxf4 gxf4 37. Rf7+ Kg8 38. Rxf4 Re8 39. h4 Ree2 40. d5 Bxc3 41. Rg4+ Kh8 42. Rxc4 1-0

[Event "Coulsdon Easter-B"]
[Site "Coulsdon"]
[Date "2008.04.09"]
[Round "4"]
[White "Fordham, Nicholas"]
[Black "Tavoularis, Nicholas"]
[Result "1/2-1/2"]
[WhiteElo "1947"]
[BlackElo "2184"]
[PlyCount "79"]
[EventDate "2008.04.07"]
[EventType "tourn"]
[EventRounds "9"]
[EventCountry "ENG"]
[SourceTitle "EXT 2010"]
[Source "ChessBase"]
[SourceDate "2010.11.25"]
[SourceVersion "1"]
[SourceVersionDate "2010.11.25"]
[SourceQuality "1"]

1. b3 Nf6 2. e3 g6 3. Bb2 Bg7 4. c4 c5 5. Nf3 Nc6 6. d4 cxd4 7. Nxd4 0-0 8. Be2 Re8 9. h4 e5 10. Nxc6 bxc6 11. h5 d5 12. Nd2 Qa5 13. hxg6 hxg6 14. 0-0 Bf5 15. Nf3 Ne4 16. Nh4 Be6 17. Qc2 Bf6 18. Nf3 Bf5 19. Bd3 Qb6 20. c5 Qb7 21. g4 Bxg4 22. Bxe4 dxe4 23. Qxe4 Bf5 24. Qc4 Rad8 25. Rad1 Qe7 26. Rfe1 Bg7 27. Qh4 f6 28. b4 Qe6 29. Kg2 g5 30. Qh2 Be4 31. Kg3 Qxa2 32. Ra1 Qxb2 33. Rxa7 Bg6 34. Rea1 Qxb4 35. Rxg7+ Kxg7 36. Ra7+ Bf7 37. Qh5 Rf8 38. Nxg5 fxg5 39. Qxg5+ Kh7 40. Qh5+ 1/2-1/2